| 000 -LEADER |
| fixed length control field |
01102cam a2200289 a 4500 |
| 001 - CONTROL NUMBER |
| control field |
16795489 |
| 005 - DATE AND TIME OF LATEST TRANSACTION |
| control field |
20230714115257.0 |
| 008 - FIXED-LENGTH DATA ELEMENTS--GENERAL INFORMATION |
| fixed length control field |
110524s2012 enka b 001 0 eng |
| 010 ## - LIBRARY OF CONGRESS CONTROL NUMBER |
| LC control number |
2011022190 |
| 020 ## - INTERNATIONAL STANDARD BOOK NUMBER |
| International Standard Book Number |
9780195395525 (hardcover : alk. paper) |
| 040 ## - CATALOGING SOURCE |
| Original cataloging agency |
DLC |
| Transcribing agency |
DLC |
| Modifying agency |
DLC |
| 042 ## - AUTHENTICATION CODE |
| Authentication code |
pcc |
| 050 00 - LIBRARY OF CONGRESS CALL NUMBER |
| Classification number |
RC386.6.N48 |
| Item number |
L49 2012 |
| 080 ## - UNIVERSAL DECIMAL CLASSIFICATION NUMBER |
| Universal Decimal Classification number |
616.89 N-89 |
| 245 00 - TITLE STATEMENT |
| Title |
Neuropsychological assessment / |
| Statement of responsibility, etc. |
Muriel D. Lezak ... [et al.]. |
| 250 ## - EDITION STATEMENT |
| Edition statement |
5th ed. |
| 260 ## - PUBLICATION, DISTRIBUTION, ETC. |
| Place of publication, distribution, etc. |
Oxford ; |
| -- |
New York : |
| Name of publisher, distributor, etc. |
Oxford University Press, |
| Date of publication, distribution, etc. |
c2012. |
| 300 ## - PHYSICAL DESCRIPTION |
| Extent |
xxv, 1161 p. : |
| Other physical details |
ill. (some col.) ; |
| Dimensions |
28 cm. |
| 504 ## - BIBLIOGRAPHY, ETC. NOTE |
| Bibliography, etc. note |
Includes bibliographical references (p. 873-1122) and indexes. |
| 650 #0 - SUBJECT ADDED ENTRY--TOPICAL TERM |
| Topical term or geographic name entry element |
Neuropsychological tests. |
| 9 (RLIN) |
19339 |
| 653 ## - INDEX TERM--UNCONTROLLED |
| keyword |
ნეიროფსიქოლოგიური შეფასება |
| 700 1# - ADDED ENTRY--PERSONAL NAME |
| Personal name |
Lezak, Muriel Deutsch. |
| 9 (RLIN) |
19340 |
| 700 1# - ADDED ENTRY--PERSONAL NAME |
| Personal name |
ავტორი და სხვ.. |
| 9 (RLIN) |
18323 |
| 906 ## - LOCAL DATA ELEMENT F, LDF (RLIN) |
| a |
7 |
| b |
cbc |
| c |
orignew |
| d |
1 |
| e |
ecip |
| f |
20 |
| g |
y-gencatlg |
| 942 ## - ADDED ENTRY ELEMENTS (KOHA) |
| Source of classification or shelving scheme |
|
| Koha item type |
წიგნი |